000 00678nam a2200241Ia 4500
003 OSt
005 20220928111643.0
006 a|||||r|||| 00| 0
007 ta
008 220927b |||||||| |||| 00| 0 hin d
024 _a125122
037 _bGift, 16/10/2014,
_cTextual
040 _aSDCL
_cSDCL
_bhin
041 _2hin
_ahin
082 _aS, Q2-Q2;1
100 _aUppal vanita
_9424543
245 0 _aManovishleshanvaad aur elachandra joshi ka 'sanyasi
260 _aNew Delhi
_bPigion books
_c2012
300 _a9-167P
_ccm.
650 _aGift
_9391569
942 _hS, Q2-Q2;1
_cTEXL
_2CC
999 _c741292
_d741292